000 00489nam a2200193Ia 4500
003 OSt
005 20221007083125.0
006 a|||||r|||| 00| 0
007 ta
008 221006b |||||||| |||| 00| 0 eng d
024 _a23,006
037 _cDissertations
040 _aFLL
_cFLL
_beng
041 _2eng
_aeng
100 _aSingh Dev Raj
_9405677
245 0 _aAnticipatory bail directions of development
942 _cDIS
_2CC
999 _c1168898
_d1168898